Το τραγούδι του Oδυσσέα
Αποθηκεύτηκε σε:
| Κύριος συγγραφέας: | |
|---|---|
| Άλλοι συγγραφείς: | , , |
| Μορφή: | Βιβλίο |
| Γλώσσα: | Greek English |
| Δημοσίευση: |
Αθήνα :
Παπαδόπουλος,
2004.
|
| Θέματα: | |
| Ετικέτες: |
Προσθήκη ετικέτας
Δεν υπάρχουν, Καταχωρήστε ετικέτα πρώτοι!
|
MARC
| LEADER | 00000cam a2200000 i 4500 | ||
|---|---|---|---|
| 001 | 1/68271 | ||
| 008 | 041209s2004 gr | ||| |||| ||gre|| | ||
| 020 | |a 9604123521 | ||
| 035 | |l 10075744 | ||
| 040 | |a GR-MyUa |b gre |e AACR2 | ||
| 041 | 1 | |a gre |h eng | |
| 082 | 7 | |a 813.5 |2 (21) | |
| 100 | 1 | |a Edwards, Julie, |d 1935- | |
| 245 | 1 | 3 | |a Το τραγούδι του Oδυσσέα / |c Julie Andrews Edwards, Emma Walton Hamilton ; εικονογράφηση: Gennady Spirin ; μετάφραση: Μαρία Αγγελίδου. |
| 260 | |a Αθήνα : |b Παπαδόπουλος, |c 2004. | ||
| 300 | |a [χ.α.] : |b εικ. ; |c 26 εκ. | ||
| 500 | |a Τίτλος πρωτοτύπου: Simeon's Gift. | ||
| 650 | 0 | |a Musicians |x Fiction. | |
| 650 | 0 | |a Self-realization |x Fiction. | |
| 700 | 1 | |a Hamilton, Emma Walton. | |
| 700 | 1 | |a Spirin, Gennadii, |e ill | |
| 700 | 1 | |a Αγγελίδου, Μαρία, |e trlf | |
| 852 | |a INST |b RHODES |e 20041209 |h 813.5 EDW |p 005400018154 |q 005400018154 |t BK |y 0 | ||
| 901 | |a BIBL4-2005-1 | ||
| 922 | |a 4ΕΛΗ |b 200412 |c ΒΙΒΛΙΟΘΗΚΗ |d ΔΕΝΤΡΟ | ||
| 950 | |a 094 | ||
| 970 | |a Χοροζίδου |b Τζένη |z 2005/01/31 | ||